| 000 | 00482nam a22001817a 4500 | ||
|---|---|---|---|
| 003 | OSt | ||
| 005 | 20150114153433.0 | ||
| 008 | 150114b xxu||||| |||| 00| 0 eng d | ||
| 020 | _a1841840327 | ||
| 040 | _cDNLM | ||
| 082 | _aWB 293 C272d 2003 | ||
| 245 |
_aCase Studies in Diabetes / _cEdited by D John Betteridge |
||
| 260 |
_aLondon : _bMartin Dunitz ; _c2003. |
||
| 300 |
_axi, 212 p : _bill ; _c26 cm. |
||
| 504 | _aincludes index | ||
| 650 |
_aDiabetes _92432 |
||
| 942 |
_2z _cSLOAN |
||
| 999 |
_c903 _d903 |
||